10 Least Catholic U.S. States - Statistics

General Stats
  • This quiz has been taken 20 times
  • The average score is 9 of 10
Answer Stats
% State % Correct
4.0 Mississippi
94%
9.0 North Carolina
94%
10.0 South Carolina
94%
6.0 Tennessee
94%
7.0 Alabama
89%
9.0 Georgia
89%
8.0 Arkansas
78%
8.0 Oklahoma
78%
5.0 Utah
72%
6.0 West Virginia
72%
No matching quizzes found
Score Distribution
Percent of People with Each Score
Percentile by Number Answered
Your Score History
You have not taken this quiz